Mineral resources of Georgia, (Record no. 27533)

MARC details
000 -LEADER
fixed length control field 01085cam a22002771 4500
001 - CONTROL NUMBER
control field gs 39000117
003 - CONTROL NUMBER IDENTIFIER
control field DLC
005 - DATE AND TIME OF LATEST TRANSACTION
control field 20260227111344.0
008 - FIXED-LENGTH DATA ELEMENTS--GENERAL INFORMATION
fixed length control field 760430s1938 gaua 000 0 eng c
010 ## - LIBRARY OF CONGRESS CONTROL NUMBER
LC control number gs 39000117
035 ## - SYSTEM CONTROL NUMBER
System control number (OCoLC)2150114
040 ## - CATALOGING SOURCE
Original cataloging agency U.S. Geol. Survey. Library
Transcribing agency GAT
Modifying agency OCoLC
-- DLC
042 ## - AUTHENTICATION CODE
Authentication code premarc
050 00 - LIBRARY OF CONGRESS CALL NUMBER
Classification number TN24.G4
Item number F78
100 1# - MAIN ENTRY--PERSONAL NAME
Personal name Furcron, A. S.
245 10 - TITLE STATEMENT
Title Mineral resources of Georgia,
Statement of responsibility, etc. by A.S. Furcron, A.C. Munyan, Garland Peyton and Richard W. Smith.
260 ## - PUBLICATION, DISTRIBUTION, ETC.
Place of publication, distribution, etc. [Atlanta]
Date of publication, distribution, etc. 1938.
300 ## - PHYSICAL DESCRIPTION
Extent 104 p. incl. illus., tables.
Dimensions 23 cm.
500 ## - GENERAL NOTE
General note At head of title: State of Georgia ... Department of Natural Resources ... Division of Mines, Mining and Geology ... Geological Survey of Georgia.
500 ## - GENERAL NOTE
General note "Glossary": p. 100-104.
650 #0 - SUBJECT ADDED ENTRY--TOPICAL TERM
Topical term or geographic name entry element Mines and mineral resources
Geographic subdivision Georgia.
700 1# - ADDED ENTRY--PERSONAL NAME
Personal name Munyan, Arthur Claude,
Dates associated with a name 1908-
Relator term joint author.
700 1# - ADDED ENTRY--PERSONAL NAME
Personal name Peyton, Garland,
Dates associated with a name 1892-
Relator term joint author.
700 1# - ADDED ENTRY--PERSONAL NAME
Personal name Smith, Richard W.
Fuller form of name (Richard Wellington),
Dates associated with a name 1898-
Relator term joint author.
710 1# - ADDED ENTRY--CORPORATE NAME
Corporate name or jurisdiction name as entry element Georgia.
Subordinate unit Geological Survey, 1890.

No items available.

Powered by Koha